000 00683nam a22001937a 4500
005 20180503102134.0
010 _aENG-122858
020 _a9789382885337
_c995.00
035 _aEN-106390
037 _bDBAD/PUB
082 _a954.092
100 _aBhargaw, Pushpa
245 _aThe builder of modern india sardar patel /
_cby Pushpa Bhargaw
260 _aDelhi
_bKumud Publications
_c2016
270 _aK-129, Gali No. 3, 3-1/2 Pusta Near Shiv Om Jewellers, Gautam Vihar,
_bDelhi
_e110053
_k9811281638, 9953918120
_mkumudbooks@gmail.com
300 _av, 303p.
_c22cm(Hb)
_bill.
500 _aIt include bibliography and index
942 _2ddc
_cEN
_mBHA
_h954.092
999 _c151831
_d151831